000 00744nam a22002537a 4500
003 BPGM
008 251218b1983 mx gr||||o001 0 spa d
020 _aSIN ISBN
040 _aBPGM
_bspa
041 _aspa
_hspa
043 _a868M/
_bR44
100 _aROJAS GARCIDUEÑAS JOSE
245 _aEL ERUDITO Y EL JARDIN
_bANECDOTAS, CUENTOS Y RELATOS
250 _aPRIMERA EDICION
_b1983
260 _aMEXICO
_bACADEMIA MEXICA
_c1983
300 _a237 PÁGINAS
_b16.4 cm
336 _2rdacontent
_atexto
_btxt
337 _2rdamedia
_asin mediación
_bn
338 _2rdacarrier
_avolumen
_bnc
650 _2LITERATURA Y RETORICA
650 _2LITERATURA ESPAÑOLA Y PORTUGUESA
650 _2ESCRITOS VARIOS ESPAÑOLES
942 _2ddc
_cGENERAL
999 _c68441
_d68441